|
|
|
|
| LEADER |
00965nam a2200193 i 4500 |
| 003 |
GR-PaULI |
| 005 |
20210117210938.0 |
| 008 |
190722b ||||| |||| 00| 0 eng d |
| 952 |
|
|
|0 0
|1 0
|2 ddc
|4 0
|6 Π_590_300000000000000_ΧΡΙ
|7 0
|9 234173
|a LISP
|b LISP
|c REF
|d 2019-07-22
|l 0
|o Π 590.3 ΧΡΙ
|p 025000264180
|r 2019-07-22 00:00:00
|t 1
|v 2019.00
|w 2019-07-22
|y BKN
|
| 999 |
|
|
|c 142060
|d 142060
|
| 040 |
|
|
|a GR-PaULI
|b gre
|c GR-PaULI
|e AACR2
|
| 082 |
0 |
4 |
|2 23
|a 590.3
|
| 100 |
1 |
|
|9 177289
|a Χριστοδούλου, Γ.Χ.
|e συγγραφέας
|
| 245 |
1 |
0 |
|a Τετράγλωσσο λεξικό μικροπαλαιοντολογικών-ζωολογικών όρων που αναφέρονται στα οστρακώδη /
|c Γ.Χ. Χριστοδούλου.
|
| 260 |
|
|
|a Πάτρα :
|b [x.'o],
|c 1976.
|
| 300 |
|
|
|a 52 σ. :
|b σχημ. ;
|c 31 εκ.
|
| 650 |
|
4 |
|a Ζωολογία
|v Εγκυκλοπαίδειες και λεξικά
|9 29103
|
| 942 |
|
|
|2 ddc
|c BKN
|
| 998 |
|
|
|c ΣΑΤΛΑΝΗΣ
|d 2019-07
|